Southville International School and Colleges
Your cart is empty.
  • Cart
  • Lists
    Public lists Eva Luna New books Lux_list list_1
    Your lists Log in to create your own lists
  • Log in to your account
  • Your cookies
  • Search history
Southville International School and Colleges
  • Advanced search
  • Recent comments
  • Most popular
  • Libraries

Log in to your account

Log in with GOOGLE


If you do not have an external account, but do have a local account, you can still log in:

  1. Home
  2. MARC view: Developing emotional and social intelligence :
Normal view MARC view ISBD view

Developing emotional and social intelligence : (Record no. 275471)

[ view plain ]
MARC details
000 -LEADER
fixed length control field 00599nam a2200181Ia 4500
008 - FIXED-LENGTH DATA ELEMENTS--GENERAL INFORMATION
fixed length control field 140910s9999 xx 000 0 und d
020 ## - INTERNATIONAL STANDARD BOOK NUMBER
International Standard Book Number 9780470547021
050 ## - LIBRARY OF CONGRESS CALL NUMBER
Classification number BF 576
Item number .H84 2011
100 ## - MAIN ENTRY--PERSONAL NAME
Personal name Hughes, Marcia.
245 ## - TITLE STATEMENT
Title Developing emotional and social intelligence :
Remainder of title exercises for leaders, individuals, and teams /
Statement of responsibility, etc Marcia Hughes, Amy Miller.
260 ## - PUBLICATION, DISTRIBUTION, ETC. (IMPRINT)
Place of publication, distribution, etc New York :
Name of publisher, distributor, etc Pfeiffer,
Date of publication, distribution, etc c2011.
300 ## - PHYSICAL DESCRIPTION
Extent xvii, 254 pages :
Dimensions 24 cm.
650 ## - SUBJECT ADDED ENTRY--TOPICAL TERM
Topical term or geographic name as entry element Emotional Intelligence.
650 ## - SUBJECT ADDED ENTRY--TOPICAL TERM
Topical term or geographic name as entry element Executive coaching.
650 ## - SUBJECT ADDED ENTRY--TOPICAL TERM
Topical term or geographic name as entry element Leadership.
650 ## - SUBJECT ADDED ENTRY--TOPICAL TERM
Topical term or geographic name as entry element Social Intelligence.
942 ## - ADDED ENTRY ELEMENTS (KOHA)
Koha item type Books
Holdings
Withdrawn status Lost status Damaged status Home library Current library Shelving location Date acquired Source of acquisition Total Checkouts Total Renewals Full call number Barcode Date last seen Date checked out Price effective from Koha item type
      Luxembourg Library Luxembourg Library Teachers Reference Section 09/10/2014 Library Fund 2 39 BF 576 .H84 2011 19832 08/30/2017 12/12/2015 09/10/2014 Books

Developing emotional and social intelligence :

APA

Hughes M., . (2011). Developing emotional and social intelligence. New York: Pfeiffer.

Chicago

Hughes Marcia, . 2011. Developing emotional and social intelligence. New York: Pfeiffer.

Harvard

Hughes M., . (2011). Developing emotional and social intelligence. New York: Pfeiffer.

MLA

Hughes Marcia, . Developing emotional and social intelligence. New York: Pfeiffer. 2011.

  • Place hold
  • Print
  • Cite
  • Add to your cart (remove)
  • Save record
    BIBTEX Dublin Core MARCXML MARC (non-Unicode/MARC-8) MARC (Unicode/UTF-8) MARC (Unicode/UTF-8, Standard) MODS (XML) RIS
  • More searches
    Search for this title in:
    Other Libraries (WorldCat) Other Databases (Google Scholar) Online Stores (Bookfinder.com) Open Library (openlibrary.org)

Exporting to Dublin Core...

SOUTHVILLE LIBRARY

Southville International School and Colleges Library

1281 Tropical Ave. Cor. Luxembourg St., BF Homes International, Las Pinas City

Tel. No. 8256374 / 252358 Loc. 117/146

Powered by Koha